Indian music / (Record no. 128808)
[ view plain ]
| 000 -LEADER | |
|---|---|
| fixed length control field | 00741nam a22002417a 4500 |
| 005 - DATE AND TIME OF LATEST TRANSACTION | |
| control field | 20170124110045.0 |
| 010 ## - LIBRARY OF CONGRESS CONTROL NUMBER | |
| LC control number | A-408912 |
| 020 ## - INTERNATIONAL STANDARD BOOK NUMBER | |
| Terms of availability | 00.00 |
| 035 ## - SYSTEM CONTROL NUMBER | |
| System control number | A-408912 |
| 037 ## - SOURCE OF ACQUISITION | |
| Source of stock number/acquisition | Cen Lib/Ret |
| 040 ## - CATALOGING SOURCE | |
| Original cataloging agency | DPL |
| Language of cataloging | EN |
| 082 ## - DEWEY DECIMAL CLASSIFICATION NUMBER | |
| Classification number | 780.954 |
| Item number | DEV |
| 100 ## - MAIN ENTRY--PERSONAL NAME | |
| Personal name | Deva, B.C. |
| 9 (RLIN) | 24488 |
| 245 ## - TITLE STATEMENT | |
| Title | Indian music / |
| Statement of responsibility, etc | by B.C.Deva |
| Remainder of title | |
| 250 ## - EDITION STATEMENT | |
| Edition statement | 2nd rev ed |
| 260 ## - PUBLICATION, DISTRIBUTION, ETC. (IMPRINT) | |
| Place of publication, distribution, etc | New Delhi |
| Name of publisher, distributor, etc | Indian Council for Cultural Relaions |
| Date of publication, distribution, etc | 1986 |
| 270 ## - ADDRESS | |
| Address | Azad Bhavan, Indraprastha Estate |
| City | New Delhi |
| Postal code | 110002 |
| 300 ## - PHYSICAL DESCRIPTION | |
| Extent | ix,174p. : |
| Dimensions | 22cm(Hb) |
| Other physical details | ill. |
| 500 ## - GENERAL NOTE | |
| General note | Includes bibliographical references and index |
| 650 ## - SUBJECT ADDED ENTRY--TOPICAL TERM | |
| Topical term or geographic name as entry element | Music -- India -- History and criticism. |
| 9 (RLIN) | 85626 |
| 650 ## - SUBJECT ADDED ENTRY--TOPICAL TERM | |
| Topical term or geographic name as entry element | Music |
| 9 (RLIN) | 4778 |
| 942 ## - ADDED ENTRY ELEMENTS (KOHA) | |
| Source of classification or shelving scheme | Dewey Decimal Classification |
| Koha item type | English Books |
| Classification part | 780.954 |
| Call number suffix | DEV |
| Withdrawn status | Lost status | Damaged status | Not for loan | Home library | Current library | Date acquired | Source of acquisition | Cost, normal purchase price | Total Checkouts | Full call number | Barcode | Date last seen | Copy number | Cost, replacement price | Price effective from | Koha item type |
|---|---|---|---|---|---|---|---|---|---|---|---|---|---|---|---|---|
| Central Library | Central Library | 03/07/2015 | Cen Lib/Ret | 0.00 | 780.954 DEV | A-408912 | 03/07/2015 | 1 | 0.00 | 15/09/2016 | English Books |
